Statistics for Which is the Flag of...

Click here to take the quiz!

General Stats

  • This quiz has been taken 38 times
  • The average score is 43 of 45

Answer Stats

QuestionTileSelect% Correct
Which is the flag of Bhutan?No
100%
Which is the flag of Bhutan?No
100%
Which is the flag of Bhutan?No
100%
Which is the flag of Bhutan?No
100%
Which is the flag of Bhutan?No
100%
Which is the flag of Bhutan?No
100%
Which is the flag of Papua New Guinea?No
97%
Which is the flag of Kiribati?No
97%
Which is the flag of Papua New Guinea?No
97%
Which is the flag of Papua New Guinea?No
97%
Which is the flag of Papua New Guinea?No
97%
Which is the flag of Kiribati?No
97%
Which is the flag of Kiribati?No
97%
Which is the flag of Lebanon?No
97%
Which is the flag of Papua New Guinea?No
97%
Which is the flag of Kiribati?No
97%
Which is the flag of Lebanon?No
97%
Which is the flag of Lebanon?No
97%
Which is the flag of Lebanon?No
97%
Which is the flag of Lebanon?No
97%
Which is the flag of Lebanon?No
97%
Which is the flag of Bhutan?No
97%
Which is the flag of Kiribati?No
97%
Which is the flag of Papua New Guinea?No
94%
Which is the flag of Papua New Guinea?No
94%
Which is the flag of Lebanon?No
94%
Which is the flag of Lebanon?Yes
94%
Which is the flag of Papua New Guinea?No
94%
Which is the flag of Mozambique?No
94%
Which is the flag of Bhutan?No
94%
Which is the flag of Mozambique?No
94%
Which is the flag of Mozambique?No
94%
Which is the flag of Mozambique?No
94%
Which is the flag of Mozambique?No
94%
Which is the flag of Mozambique?No
94%
Which is the flag of Kiribati?No
94%
Which is the flag of Kiribati?No
91%
Which is the flag of Bhutan?Yes
91%
Which is the flag of Kiribati?No
91%
Which is the flag of Lebanon?No
91%
Which is the flag of Papua New Guinea?Yes
88%
Which is the flag of Mozambique?No
88%
Which is the flag of Mozambique?No
85%
Which is the flag of Kiribati?Yes
85%
Which is the flag of Mozambique?Yes
79%

Score Distribution

Percentile by Number Answered

Percent of People with Each Score

Your Score History

You have not taken this quiz